Analýza a hodnotenie nápravných opatrení v elektrizačnej sústave

Enregistré dans:
Détails bibliographiques
Auteur principal: Čeleďa, Matúš (Auteur)
Autres auteurs: Cintula, Boris (Directeur de thèse)
Format: Manuscrit Livre
Langue:slovaque
Publié: 2017
Sujets:
Accès en ligne:http://is.stuba.sk/zp/portal_zp.pl?podrobnosti=131235
Tags: Ajouter un tag
Pas de tags, Soyez le premier à ajouter un tag!

MARC

LEADER 00000ntm a22000003a 4500
001 stuzp58797
003 SK-STU
005 20170703101035.8
007 ta
008 150427s2015----xo-----f-mn---000-0-slo-d
040 |a STU  |b slo 
041 0 |a slo 
044 |a xo 
100 1 |a Čeleďa, Matúš  |u 032000  |4 aut  |U FEI Fakulta elektrotechniky a informatiky  |T FEI Ústav elektroenergetiky a aplikovanej elektrotechniky  |X 47349  |U E020  |Y 548  |7 47349 
242 0 1 |a Analysis and Evaluation of Remedial Actions in Power System  |y eng 
245 1 0 |a Analýza a hodnotenie nápravných opatrení v elektrizačnej sústave 
260 |c 2017 
300 |a 80 s. 
650 4 |a rekonfigurácie  |2 slo 
650 4 |a nápravné opatrenia  |2 slo 
650 4 |a kritérium N-1  |2 slo 
650 4 |a simulácia  |2 slo 
650 4 |a model  |2 slo 
650 4 |a remedial actions  |2 eng 
650 4 |a N-1 principle  |2 eng 
650 4 |a simulation  |2 eng 
650 4 |a reconfigurations  |2 eng 
650 4 |a model  |2 eng 
700 1 |a Cintula, Boris  |u 032000  |k Z1  |4 ths  |U FEI Fakulta elektrotechniky a informatiky  |T FEI Ústav elektroenergetiky a aplikovanej elektrotechniky  |X 35350  |U E020  |Y 548  |7 A000035350 
856 4 |u http://is.stuba.sk/zp/portal_zp.pl?podrobnosti=131235 
996 |b 284EP11703  |c E*DIPL- 11703  |l EE32  |s P  |a 0  |w stuzp58797_0001